Building Economist (Record no. 118863)
[ view plain ]
| 000 -LEADER | |
|---|---|
| fixed length control field | 00557cas a22002055a 4500 |
| 001 - CONTROL NUMBER | |
| control field | ##L134047 |
| 008 - FIXED-LENGTH DATA ELEMENTS--GENERAL INFORMATION | |
| fixed length control field | 060704d19951999xxkmr p 0 a0eng u |
| 022 1# - INTERNATIONAL STANDARD SERIAL NUMBER | |
| International Standard Serial Number | 1357-6763 |
| 035 ## - SYSTEM CONTROL NUMBER | |
| System control number | (Sirsi) u134047 |
| 041 0# - LANGUAGE CODE | |
| Language code of text/sound track or separate title | eng |
| 245 00 - TITLE STATEMENT | |
| Title | Building Economist |
| 260 3# - PUBLICATION, DISTRIBUTION, ETC. | |
| Place of publication, distribution, etc. | London |
| Name of publisher, distributor, etc. | Builder Group |
| Date of publication, distribution, etc. | 1995-1999 |
| 362 1# - DATES OF PUBLICATION AND/OR SEQUENTIAL DESIGNATION | |
| Dates of publication and/or sequential designation | January 1997-January 1999 |
| 554 ## - | |
| -- | 12 per year |
| 651 #4 - SUBJECT ADDED ENTRY--GEOGRAPHIC NAME | |
| Geographic name | United Kingdom |
| Chronological subdivision | |
| 690 ## - LOCAL SUBJECT ADDED ENTRY--TOPICAL TERM (OCLC, RLIN) | |
| Topical term or geographic name as entry element | BUILT ENVIRONMENT-CONSTRUCTION MARKET |
| 780 00 - PRECEDING ENTRY | |
| Title | Building Market Report |
| 785 00 - SUCCEEDING ENTRY | |
| Title | Building Intelligence |
| International Standard Serial Number | 1465-8143 |
| 942 ## - ADDED ENTRY ELEMENTS (KOHA) | |
| Suppress in OPAC | 0 |
| Withdrawn status | Lost status | Source of classification or shelving scheme | Damaged status | Not for loan | Home library | Current library | Shelving location | Date acquired | Total Checkouts | Full call number | Barcode | Date last seen | Price effective from | Koha item type |
|---|---|---|---|---|---|---|---|---|---|---|---|---|---|---|
| Dewey Decimal Classification | London | London | Basement | 04/07/2006 | BUILDING INTELLIGENCE | 134047-1001 | 06/08/2019 | 06/08/2019 | Journal |